000
00302cam a2200121ua 4500
082
_a
821
_b
PEA/EN
100
_a
Peacock, W .
_9
1825
245
_a
English Verse, Vol - 5 /
260
_a
London :
_b
Oxford University Press ,
_c
1963.
300
_a
531 ; .
490
0
_a
The World`s Classics,
942
_c
BK
999
_c
4977
_d
4977